145 câu hỏi & đáp về thuế và quản lý thuế theo quy định tại thông tư số 28/2011/TT-BTC ngày 28-2-2011 của Bộ Tài chính
Giới thiệu 145 câu hỏi đáp về thuế và quản lý thuế theo quy định tại thông tư28/2011/TT-BTC ngày 28-2-2011 của bộ Tài chính
Đã lưu trong:
| Príomhúdar: | |
|---|---|
| Formáid: | Leabhar |
| Teanga: | Undetermined |
| Foilsithe: |
Hà Nội
Chính trị Quốc gia - Sự thật
2011
|
| Ábhair: | |
| Clibeanna: |
Cuir Clib Leis
Gan Chlibeanna, Bí ar an gcéad duine leis an taifead seo a chlibeáil!
|
| Thư viện lưu trữ: | Trung tâm Học liệu Trường Đại học Cần Thơ |
|---|
| LEADER | 01033nam a2200229Ia 4500 | ||
|---|---|---|---|
| 001 | CTU_177208 | ||
| 008 | 210402s9999 xx 000 0 und d | ||
| 020 | |c 59000 | ||
| 082 | |a 343.59704 | ||
| 082 | |b H527 | ||
| 100 | |a Nguyễn, Thị Thương Huyền | ||
| 245 | 0 | |a 145 câu hỏi & đáp về thuế và quản lý thuế theo quy định tại thông tư số 28/2011/TT-BTC ngày 28-2-2011 của Bộ Tài chính | |
| 245 | 0 | |c Nguyễn Thị Thương Huyền | |
| 260 | |a Hà Nội | ||
| 260 | |b Chính trị Quốc gia - Sự thật | ||
| 260 | |c 2011 | ||
| 520 | |a Giới thiệu 145 câu hỏi đáp về thuế và quản lý thuế theo quy định tại thông tư28/2011/TT-BTC ngày 28-2-2011 của bộ Tài chính | ||
| 650 | |a Taxation,Thuế | ||
| 650 | |x Law and legislation,Luật và các văn bản pháp luật | ||
| 650 | |z Vietnam,Việt Nam | ||
| 910 | |a Nguyên | ||
| 980 | |a Trung tâm Học liệu Trường Đại học Cần Thơ | ||